A guide to the project management body of knowledge: PMBOK guide

Saved in:
Bibliografiske detaljer
Institution som forfatter: Project Management Institute Inc (Author)
Format: Bog
Sprog:engelsk
Udgivet: Filadelfia Project Management Institute Inc 2017
Udgivelse:6a. ed
Fag:
Tags: Tilføj Tag
Ingen Tags, Vær først til at tagge denne postø!

MARC

LEADER 00000cam a2200000 a 4500
001 UCC4876
003 CL-VaPUC
008 180831e20170000us |||||||||||||||||eng|d
020 |a 9781628251845 
082 0 4 |a 658.404  |b PRO  |2 21 
110 2 |a Project Management Institute Inc  |e author  |9 599082 
245 1 2 |a A guide to the project management body of knowledge: PMBOK guide 
250 |a 6a. ed 
300 |a 756 p 
942 |c BK 
945 |d 20180831 12:04:00  |a dcastane 
260 |a Filadelfia  |b Project Management Institute Inc  |c 2017 
650 0 |a Gestión de proyectos  |9 260970 
650 0 |a Planificación estratégica   |9 259735 
583 |a last modification  |c 20180831 12:04:00  |k Rodrigo Vera 
999 |c 372261  |d 372259 
952 |0 0  |1 0  |3 erb  |4 0  |6 658_404000000000000_PRO_2017  |7 0  |8 A  |9 489588  |a BIBING  |b BIBING  |i 5493609  |o 658.404 PRO 2017  |p 5493609  |r 2025-01-20  |w 2019-11-24  |y BK  |z Catalogado en:20180831  |k CIC 
952 |0 0  |1 0  |3 erb  |4 0  |6 658_404000000000000_PRO_2017  |7 0  |8 A  |9 489589  |a BIBING  |b BIBING  |i 5493595  |o 658.404 PRO 2017  |p 5493595  |r 2025-01-20  |w 2019-11-24  |y BK  |z Catalogado en:20180831  |k CIC 
952 |0 0  |1 0  |3 erb  |4 0  |6 658_404000000000000_PRO_2017  |7 0  |8 A  |9 489590  |a BIBING  |b BIBING  |i 5493587  |o 658.404 PRO 2017  |p 5493587  |r 2025-01-20  |w 2019-11-24  |y BK  |z Catalogado en:20180831  |k CIC